Historia de Alemania : de los Staufer a los Habsburgo : disolución del imperio y advenimiento de los estados territoriales, 1250-1519 /
Obra en tres volúmenes, disponible en biblioteca, que trata de la historia de Alemania, desde sus orígenes que se cree proceden de las islas escandinavas, su relación con el imperio romano, la creación de las agrupaciones germanas, el advenimiento de los imperios y la consolidación de los estados te...
Збережено в:
| Автор: | |
|---|---|
| Інші автори: | , |
| Формат: | Книга |
| Мова: | Іспанська |
| Опубліковано: |
México :
UTEHA,
1964, c1964
|
| Редагування: | 2a edición |
| Серія: | (Manuales UTEHA ; Historia)
205. |
| Предмети: | |
| Теги: |
Немає тегів, Будьте першим, хто поставить тег для цього запису!
|
MARC
| LEADER | 00000nam^a2200000^a^4500 | ||
|---|---|---|---|
| 001 | 000335005 | ||
| 005 | 20250521000000.0 | ||
| 009 | 20260310114216.716 | ||
| 037 | |a Acervo Xavier Clavigero | ||
| 041 | |a ESP | ||
| 082 | |a 943. |b HAL V. 3 | ||
| 100 | |a Haller, Johannes |e (autor) | ||
| 240 | 1 | 1 | |a [Historia de Alemania] |
| 245 | 1 | 0 | |a Historia de Alemania : |b de los Staufer a los Habsburgo : disolución del imperio y advenimiento de los estados territoriales, 1250-1519 / |c J. Haller, H. Dannenbauer ; tr. por C. Gerhard. |
| 250 | |a 2a edición |b revisada | ||
| 264 | 4 | |a México : |b UTEHA, |c 1964, c1964 | |
| 300 | |a VI, 131 p. | ||
| 336 | |a texto |b txt |2 rdacontenido | ||
| 337 | |a sin mediación |b n |2 rdamedio | ||
| 338 | |a volumen |b nc |2 rdasoporte | ||
| 440 | 1 | |a (Manuales UTEHA ; |v 205. |p Historia) | |
| 500 | |a Traducción de: Von den Staufern zu den Habsburgern | ||
| 520 | |a Obra en tres volúmenes, disponible en biblioteca, que trata de la historia de Alemania, desde sus orígenes que se cree proceden de las islas escandinavas, su relación con el imperio romano, la creación de las agrupaciones germanas, el advenimiento de los imperios y la consolidación de los estados territoriales hasta 1519. | ||
| 649 | |a XX | ||
| 650 | |a Alemania - |x Historia - |y Dinastía Hohenstaufen, 1137-1254 | ||
| 650 | |a Alemania - |x Historia - |y Interregno, 1254-1273 | ||
| 650 | |a Alemania - |x Historia - |y Dinastía de los Habsburgo, 1273-1378 | ||
| 650 | |a Alemania - |x Historia - |y Casa de Luxemburgo, 1378-1438 | ||
| 650 | |a Alemania - |x Historia - |y 1438-1519 | ||
| 650 | |a Alemania - |x Historia - |y Principados, Imperio y Reinos, 481-1871 - |x Tema Principal | ||
| 700 | |a Dannenbauer, Heinrich |e (autor) | ||
| 700 | |a Gerhard, Carlos |e (traducción) | ||
| 910 | |a Fondo General | ||
| 920 | |a Impresos - Libros | ||
| 930 | |a Colección General | ||
| 905 | |a 101 | ||
| 901 | |a 065569 |b IT1 |c ACC |u 20250521 | ||
| 902 | |a https://opac.biblio.iteso.mx/vufind/Record/000335005 | ||